The Russian Invasion of Ukraine in the Discourse of the Central Spiritual Board of Muslims of Russia

Cieľom článku je priblížiť postoj islamskej náboženskej organizácie Ústredná duchovná rada moslimov Ruska k ruskej invázii na Ukrajinu v roku 2022 prostredníctvom analýzy diskurzu vyjadrení náboženských vodcov a orgánov organizácie. Článok stručne opisuje základné pojmy a skúmanú náboženskú organizá...

Descrizione completa

Salvato in:
Dettagli Bibliografici
Autore principale: Duda, Zuzana, 1995-
Natura: Capitolo di libro
Lingua:inglese
Soggetti:
Tags: Aggiungi Tag
Nessun Tag, puoi essere il primo ad aggiungerne!!

MARC

LEADER 00000naa$a2200000$$$4500
001 0289963
005 20240502074440.7
041 0 |a eng 
044 |a SK 
245 1 0 |a The Russian Invasion of Ukraine in the Discourse of the Central Spiritual Board of Muslims of Russia  |c Zuzana Duda 
520 |a Cieľom článku je priblížiť postoj islamskej náboženskej organizácie Ústredná duchovná rada moslimov Ruska k ruskej invázii na Ukrajinu v roku 2022 prostredníctvom analýzy diskurzu vyjadrení náboženských vodcov a orgánov organizácie. Článok stručne opisuje základné pojmy a skúmanú náboženskú organizáciu a poukazuje na vybrané aspekty analyzovaného diskurzu. 
610 2 0 |a Rusko 
610 2 0 |a Ukrajina 
610 2 0 |a vojny 
610 2 0 |a organizácie náboženské 
610 2 0 |a moslimovia 
610 2 0 |a islam 
610 2 0 |a rétorika 
610 2 0 |a situácia politická 
610 2 0 |a konflikty medzinárodné 
610 2 0 |a vzťahy medzinárodné 
610 2 0 |a NATO 
100 1 |a Duda, Zuzana, 1995-